[Event "Montreal Mercredi 02"]
[Site "Montreal CAN"]
[Date "2017.03.08"]
[Round "4"]
[White "Khudaverdian, Berj"]
[Black "Lessard, Sylvain"]
[Result "0-1"]
[WhiteElo "1719"]
[BlackElo "1732"]
[WhiteFideId "-1"]
[WhiteFideId "-1"]
[PlyCount "140"]
[GameId "2160767908478536"]
[EventDate "2017.02.15"]
[EventType "swiss"]
[EventRounds "5"]
[EventCountry "CAN"]
[SourceTitle "EXT 2022"]
[Source "ChessBase"]
[SourceDate "2021.10.06"]
[SourceVersion "1"]
[SourceVersionDate "2021.10.06"]
[SourceQuality "1"]

1. e4 Nf6 2. d3 e5 3. Nf3 Nc6 4. Bg5 d6 5. h3 Be6 6. Nc3 h6 7. Be3 d5 8. exd5 Nxd5 9. Nxd5 Qxd5 10. Be2 O-O-O 11. O-O g5 12. Nd2 Qd7 13. Bh5 f5 14. f3 Kb8 15. a3 Rg8 16. g4 Ne7 17. Qe2 Nd5 18. Nc4 Nf4 19. Bxf4 exf4 20. Kh2 fxg4 21. hxg4 Bg7 22. Rab1 Bd5 23. Nd2 Bd4 24. Ne4 Rg7 25. b4 Re7 26. Rfd1 Qa4 27. c4 Bg8 28. Qa2 Red7 29. Bg6 Be3 30. Nc3 Qc6 31. Be4 Qf6 32. Nd5 Bxd5 33. cxd5 h5 34. Qg2 hxg4 35. Qxg4 Rh8+ 36. Kg2 Rdd8 37. Qe6 Qc3 38. d4 Rde8 39. Qf6 Ref8 40. Qe5 g4 41. fxg4 f3+ 42. Kg3 Bf4+ 43. Qxf4 Rxf4 44. Kxf4 Rf8+ 45. Bf5 f2 46. a4 f1=Q+ 47. Rxf1 Qxd4+ 48. Kg3 Qxd5 49. Rf4 a6 50. Rbf1 Qb3+ 51. R1f3 Qd1 52. Rf1 Qb3+ 53. R1f3 Qb2 54. Rf2 Qg7 55. a5 Rh8 56. R2f3 Qh6 57. Kf2 Re8 58. Be4 Qh2+ 59. Ke3 Qb2 60. Rf8 Qc3+ 61. Kf2 Qd4+ 62. Kg2 Qxe4 63. Rxe8+ Qxe8 64. Rg3 Qe4+ 65. Kh2 Qxb4 66. g5 Qf8 67. g6 Qg7 68. Kh3 b5 69. axb6 cxb6 70. Kh4 Qh6+ 0-1

[Event "Montreal Mercredi 02"]
[Site "Montreal CAN"]
[Date "2017.03.08"]
[Round "4"]
[White "Langlois-Remillard, Alexis"]
[Black "Cardin, Guillaume"]
[Result "0-1"]
[WhiteElo "1999"]
[BlackElo "2000"]
[WhiteFideId "-1"]
[WhiteFideId "-1"]
[PlyCount "68"]
[GameId "2160767908478537"]
[EventDate "2017.02.15"]
[EventType "swiss"]
[EventRounds "5"]
[EventCountry "CAN"]
[SourceTitle "EXT 2022"]
[Source "ChessBase"]
[SourceDate "2021.10.06"]
[SourceVersion "1"]
[SourceVersionDate "2021.10.06"]
[SourceQuality "1"]

1. e4 e5 2. Nf3 Nc6 3. Bc4 Bc5 4. c3 Nf6 5. d3 d6 6. b4 Bb6 7. a4 a5 8. b5 Ne7 9. Qb3 O-O 10. Bg5 Ng6 11. h4 h6 12. h5 Nf4 13. Bxf4 exf4 14. Nbd2 Qe7 15. g3 fxg3 16. fxg3 Bg4 17. O-O-O Be3 18. Rdf1 Nxh5 19. Nh4 Bxd2+ 20. Kxd2 Nxg3 21. Bxf7+ Rxf7 22. Rxf7 Qxf7 23. Qxf7+ Kxf7 24. Rg1 Nxe4+ 25. dxe4 Be6 26. Kc2 g5 27. Nf3 Rf8 28. Nd4 Bd7 29. Nf5 Bxf5 30. exf5 Kf6 31. Kd3 Re8 32. Rh1 Kxf5 33. Rxh6 Re7 34. Rh8 g4 0-1

[Event "Montreal Mercredi 02"]
[Site "Montreal CAN"]
[Date "2017.03.08"]
[Round "4"]
[White "Ouellet, Maili-Jade"]
[Black "Saha, Ananda"]
[Result "1-0"]
[WhiteElo "2142"]
[BlackElo "2022"]
[WhiteFideId "-1"]
[WhiteFideId "-1"]
[PlyCount "63"]
[GameId "2160767908478538"]
[EventDate "2017.02.15"]
[EventType "swiss"]
[EventRounds "5"]
[EventCountry "CAN"]
[SourceTitle "EXT 2022"]
[Source "ChessBase"]
[SourceDate "2021.10.06"]
[SourceVersion "1"]
[SourceVersionDate "2021.10.06"]
[SourceQuality "1"]

1. d4 Nf6 2. c4 e6 3. Nc3 Bb4 4. Qc2 d5 5. a3 Bxc3+ 6. Qxc3 c5 7. dxc5 d4 8. Qg3 Nc6 9. Qxg7 Rg8 10. Qh6 Rg6 11. Qh4 Qa5+ 12. Bd2 Qxc5 13. b4 Qxc4 14. e3 Qd5 15. b5 dxe3 16. Bxe3 Qe5 17. Rc1 Rg4 18. Qh3 Nd4 19. Nf3 Nxf3+ 20. Qxf3 Ra4 21. Qg3 Qxg3 22. hxg3 b6 23. Bg5 Ne4 24. Rh4 Bb7 25. Rc7 Rxa3 26. Rxh7 Ra1+ 27. Ke2 Ra2+ 28. Ke3 Ra3+ 29. Bd3 Rxd3+ 30. Kxd3 Nc5+ 31. Ke2 Kf8 32. Rcxf7+ 1-0

[Event "Montreal Mercredi 02"]
[Site "Montreal CAN"]
[Date "2017.03.08"]
[Round "4"]
[White "Tremblay, Alain"]
[Black "Beaulieu, Eric"]
[Result "1-0"]
[WhiteElo "2218"]
[BlackElo "2206"]
[WhiteFideId "-1"]
[WhiteFideId "-1"]
[PlyCount "75"]
[GameId "2160767908478540"]
[EventDate "2017.02.15"]
[EventType "swiss"]
[EventRounds "5"]
[EventCountry "CAN"]
[SourceTitle "EXT 2022"]
[Source "ChessBase"]
[SourceDate "2021.10.06"]
[SourceVersion "1"]
[SourceVersionDate "2021.10.06"]
[SourceQuality "1"]

1. Nf3 c5 2. g3 b6 3. Bg2 Bb7 4. d3 d5 5. Nbd2 Nf6 6. O-O e6 7. c3 Be7 8. a3 O-O 9. e4 Nbd7 10. e5 Ne8 11. h4 b5 12. Re1 Nc7 13. Nf1 Nb6 14. Be3 a5 15. h5 b4 16. h6 g6 17. Qd2 d4 18. cxd4 Bxf3 19. Bxf3 cxd4 20. Bf4 g5 21. Bxa8 Nbxa8 22. Qd1 Kh8 23. Bd2 Nb6 24. axb4 axb4 25. Nh2 Nb5 26. Qf3 Nd5 27. Ng4 Qb8 28. Ra5 Qb6 29. Raa1 Qb8 30. Rec1 Qb6 31. Rc4 Qb8 32. Rc6 Qb7 33. Rc4 Qb8 34. Rac1 Qb7 35. Be1 Qb8 36. Bd2 Qb6 37. Rc8 Bd8 38. Bxg5 1-0

[Event "Montreal Mercredi 02"]
[Site "Montreal CAN"]
[Date "2017.03.08"]
[Round "4"]
[White "Zheng, Richard"]
[Black "O'Neill, Brendon"]
[Result "0-1"]
[WhiteElo "1795"]
[BlackElo "1772"]
[WhiteFideId "-1"]
[WhiteFideId "-1"]
[PlyCount "138"]
[GameId "2160767908478541"]
[EventDate "2017.02.15"]
[EventType "swiss"]
[EventRounds "5"]
[EventCountry "CAN"]
[SourceTitle "EXT 2022"]
[Source "ChessBase"]
[SourceDate "2021.10.06"]
[SourceVersion "1"]
[SourceVersionDate "2021.10.06"]
[SourceQuality "1"]

1. d4 Nf6 2. c4 g6 3. Nc3 Bg7 4. e4 d6 5. Nf3 O-O 6. Be2 Nbd7 7. O-O e5 8. dxe5 dxe5 9. Bg5 h6 10. Be3 b6 11. Qd2 Kh7 12. Rfd1 Bb7 13. Rac1 Re8 14. h3 Nf8 15. Qc2 Qc8 16. Nd5 c5 17. b3 Ne6 18. Nd2 Nd4 19. Bxd4 exd4 20. f3 Bxd5 21. cxd5 Nxd5 22. Nc4 Qe6 23. Re1 Nb4 24. Qb1 Rad8 25. Nb2 Qe5 26. Nd3 Nxd3 27. Qxd3 Qg3 28. Qc4 Re7 29. Red1 Be5 30. Bf1 Qh2+ 31. Kf2 Red7 32. Qd3 Bf4 33. Ra1 Be3+ 34. Ke2 Qg1 35. Rdb1 Qf2+ 36. Kd1 Rc7 37. Qe2 Qg3 38. Qd3 Rdc8 39. Qc4 Kg7 40. Rb2 d3 41. Rab1 Rd7 42. Qc3+ Kg8 43. Qe1 Qf4 44. Qc3 Rcd8 45. Qe1 Bd4 46. Rd2 Bc3 47. Rc1 Qf6 48. Qe3 Bxd2 49. Qxd2 Kg7 50. Qc3 Rd4 51. Qd2 Qd6 52. Rc3 b5 53. Ke1 Qg3+ 54. Kd1 c4 55. b4 Qd6 56. a3 Qb6 57. Qf4 a5 58. Qe5+ Kh7 59. Qe7 R8d7 60. Qf8 axb4 61. Qxb4 Ra7 62. g3 Rd8 63. Rxc4 Qf2 64. Qxb5 Qxf1+ 65. Kd2 Qe2+ 66. Kc3 Rxa3+ 67. Kb4 Qb2+ 68. Kc5 Qxb5+ 69. Kxb5 d2 0-1

[Event "Montreal Mercredi 02"]
[Site "Montreal CAN"]
[Date "2017.03.10"]
[Round "5"]
[White "Singher, Jean-Pierre"]
[Black "Langlois-Remillard, Alexis"]
[Result "1-0"]
[WhiteElo "2025"]
[BlackElo "1999"]
[WhiteFideId "-1"]
[WhiteFideId "-1"]
[PlyCount "57"]
[GameId "2160767908478542"]
[EventDate "2017.02.15"]
[EventType "swiss"]
[EventRounds "5"]
[EventCountry "CAN"]
[SourceTitle "EXT 2022"]
[Source "ChessBase"]
[SourceDate "2021.10.06"]
[SourceVersion "1"]
[SourceVersionDate "2021.10.06"]
[SourceQuality "1"]

1. d4 d5 2. Nf3 Nc6 3. g3 Nf6 4. Bg2 Bf5 5. a3 e6 6. Nbd2 Bd6 7. c4 b6 8. O-O Ne7 9. b4 c5 10. dxc5 bxc5 11. Bb2 O-O 12. cxd5 cxb4 13. dxe6 bxa3 14. exf7+ Rxf7 15. Bxa3 Bxa3 16. Rxa3 Qd6 17. Nc4 Qc7 18. Nfe5 Rd8 19. Rxa7 Qb8 20. Ra8 Qxa8 21. Bxa8 Rxd1 22. Rxd1 Rf8 23. Bg2 Rc8 24. Nd6 Rd8 25. Nef7 Rd7 26. Ra1 h6 27. Ra8+ Kh7 28. Rh8+ Kg6 29. Ne5+ 1-0

[Event "Montreal Mercredi 02"]
[Site "Montreal CAN"]
[Date "2017.03.15"]
[Round "5"]
[White "Barko, Maxim"]
[Black "Johnson-Constantin, Mathieu"]
[Result "0-1"]
[WhiteElo "1903"]
[BlackElo "1913"]
[WhiteFideId "-1"]
[WhiteFideId "-1"]
[PlyCount "78"]
[GameId "2160767908478543"]
[EventDate "2017.02.15"]
[EventType "swiss"]
[EventRounds "5"]
[EventCountry "CAN"]
[SourceTitle "EXT 2022"]
[Source "ChessBase"]
[SourceDate "2021.10.06"]
[SourceVersion "1"]
[SourceVersionDate "2021.10.06"]
[SourceQuality "1"]

1. d4 f5 2. Bg5 Nf6 3. Bxf6 exf6 4. e3 b6 5. Nd2 Bb7 6. h4 d5 7. Bd3 Qd7 8. Qf3 g6 9. h5 Rg8 10. hxg6 hxg6 11. g4 Nc6 12. gxf5 O-O-O 13. fxg6 Qe7 14. Ne2 Kb8 15. a3 Bg7 16. O-O-O Na5 17. Ng3 c5 18. Nf5 Qf8 19. Qf4+ Ka8 20. dxc5 bxc5 21. Qc7 c4 22. Be2 Nc6 23. c3 Rc8 24. Qf7 Qc5 25. Nd4 Ne5 26. Qe6 Rb8 27. Rh7 Rbe8 28. Qf5 Bc8 29. Qc2 Re7 30. f4 Ng4 31. Nf1 Nf2 32. Rd2 Ne4 33. Bf3 Nxd2 34. Nxd2 Rb7 35. f5 Bf8 36. Qa4 Rxb2 37. Bxd5+ Bb7 38. Ne6 Rb1+ 39. Nxb1 Qxe3+ 0-1

[Event "Montreal Mercredi 02"]
[Site "Montreal CAN"]
[Date "2017.03.15"]
[Round "5"]
[White "Beaulieu, Eric"]
[Black "Huang, Qiuyu"]
[Result "1-0"]
[WhiteElo "2206"]
[BlackElo "2190"]
[WhiteFideId "-1"]
[WhiteFideId "-1"]
[PlyCount "83"]
[GameId "2160767908478544"]
[EventDate "2017.02.15"]
[EventType "swiss"]
[EventRounds "5"]
[EventCountry "CAN"]
[SourceTitle "EXT 2022"]
[Source "ChessBase"]
[SourceDate "2021.10.06"]
[SourceVersion "1"]
[SourceVersionDate "2021.10.06"]
[SourceQuality "1"]

1. d4 d5 2. c4 e6 3. Nc3 Nf6 4. cxd5 exd5 5. Bg5 c6 6. e3 Bf5 7. Qf3 Bg6 8. Bxf6 Qxf6 9. Qxf6 gxf6 10. h4 h6 11. Nh3 Nd7 12. Nf4 O-O-O 13. Rc1 Nb6 14. Nxg6 fxg6 15. Bd3 Rg8 16. h5 gxh5 17. g3 Rg5 18. Ne2 Bb4+ 19. Kf1 Re8 20. Rc2 Kb8 21. Nf4 Nd7 22. Bg6 Re7 23. Bxh5 Rg8 24. Be2 Rh7 25. Bd3 Rhh8 26. Ng6 Rh7 27. Ne5 Rhg7 28. Nxd7+ Rxd7 29. Rxh6 Rf8 30. Bf5 Rg7 31. Ke2 Kc7 32. g4 Be7 33. f4 Kb6 34. Kf3 Bd8 35. Rch2 Kc7 36. Rh7 Rff7 37. Rh8 Be7 38. R2h6 Kd6 39. g5 b6 40. Bg6 Rf8 41. Rxf8 Bxf8 42. Bh5 1-0

[Event "Montreal Mercredi 02"]
[Site "Montreal CAN"]
[Date "2017.03.15"]
[Round "5"]
[White "Beaulieu, Pierre"]
[Black "Didier, Have"]
[Result "0-1"]
[WhiteElo "1898"]
[BlackElo "1964"]
[WhiteFideId "-1"]
[WhiteFideId "-1"]
[PlyCount "92"]
[GameId "2160767908478545"]
[EventDate "2017.02.15"]
[EventType "swiss"]
[EventRounds "5"]
[EventCountry "CAN"]
[SourceTitle "EXT 2022"]
[Source "ChessBase"]
[SourceDate "2021.10.06"]
[SourceVersion "1"]
[SourceVersionDate "2021.10.06"]
[SourceQuality "1"]

1. d4 d6 2. Nf3 Nf6 3. e3 g6 4. Nbd2 Bg7 5. Be2 O-O 6. c4 a5 7. O-O Nc6 8. Ne1 e5 9. d5 Ne7 10. b3 Nd7 11. Bb2 Nc5 12. a3 Bd7 13. Kh1 f5 14. f4 g5 15. fxe5 dxe5 16. Rb1 Ng6 17. b4 axb4 18. axb4 Ne4 19. Bd3 Nxd2 20. Qxd2 e4 21. Bxg7 Kxg7 22. Be2 Qf6 23. Nc2 Ra2 24. Qc1 Rfa8 25. Nd4 Qe5 26. Rb2 Ra1 27. Rb1 Rxb1 28. Qxb1 f4 29. Rd1 Nh4 30. b5 Nf5 31. Nxf5+ Bxf5 32. c5 f3 33. Bf1 Bg4 34. Rd4 Bf5 35. d6 cxd6 36. cxd6 Rd8 37. Qc1 Rd7 38. b6 g4 39. Qc8 g3 40. Bc4 fxg2+ 41. Kxg2 gxh2 42. Kh1 Kh6 43. Rd5 Qa1+ 44. Kxh2 Qb2+ 45. Kh1 Rg7 46. Qf8 Qg2# 0-1

[Event "Montreal Mercredi 02"]
[Site "Montreal CAN"]
[Date "2017.03.15"]
[Round "5"]
[White "Cardin, Guillaume"]
[Black "Ouellet, Maili-Jade"]
[Result "0-1"]
[WhiteElo "2000"]
[BlackElo "2142"]
[WhiteFideId "-1"]
[WhiteFideId "-1"]
[PlyCount "94"]
[GameId "2160767908478546"]
[EventDate "2017.02.15"]
[EventType "swiss"]
[EventRounds "5"]
[EventCountry "CAN"]
[SourceTitle "EXT 2022"]
[Source "ChessBase"]
[SourceDate "2021.10.06"]
[SourceVersion "1"]
[SourceVersionDate "2021.10.06"]
[SourceQuality "1"]

1. d4 d5 2. c4 e6 3. Nc3 Be7 4. cxd5 exd5 5. Bf4 Nf6 6. Qc2 c6 7. e3 O-O 8. Bd3 Nbd7 9. Nge2 Re8 10. O-O-O Nf8 11. Kb1 a5 12. f3 b5 13. e4 dxe4 14. fxe4 a4 15. e5 Nh5 16. Be3 Qa5 17. Ne4 b4 18. Ng5 Bxg5 19. Bxg5 b3 20. Qxc6 bxa2+ 21. Ka1 Be6 22. Bd2 Qd8 23. Be4 a3 24. Qxa8 axb2+ 25. Kxb2 Qb6+ 26. Ka1 Rxa8 27. Bxa8 Bc4 28. Bf3 Bxe2 29. Bxe2 Qxd4+ 30. Kxa2 Qxe5 31. Bc4 Nf6 32. Rhe1 Qc5 33. Kb3 Ne6 34. Bc3 Qb6+ 35. Kc2 Qf2+ 36. Re2 Qf5+ 37. Kb2 Qc5 38. Kb3 Qb6+ 39. Kc2 Qc6 40. Red2 Qxc4 41. Rd8+ Nf8 42. Rb8 Ne4 43. Rd3 Qa2+ 44. Bb2 Qc4+ 45. Bc3 Nxc3 46. Rxc3 Qe4+ 47. Kb3 Qb1+ 0-1

[Event "Montreal Mercredi 02"]
[Site "Montreal CAN"]
[Date "2017.03.15"]
[Round "5"]
[White "Lessard, Sylvain"]
[Black "Baran, Marius"]
[Result "0-1"]
[WhiteElo "1732"]
[BlackElo "1803"]
[WhiteFideId "-1"]
[WhiteFideId "-1"]
[PlyCount "74"]
[GameId "2160767908478547"]
[EventDate "2017.02.15"]
[EventType "swiss"]
[EventRounds "5"]
[EventCountry "CAN"]
[SourceTitle "EXT 2022"]
[Source "ChessBase"]
[SourceDate "2021.10.06"]
[SourceVersion "1"]
[SourceVersionDate "2021.10.06"]
[SourceQuality "1"]

1. c4 c5 2. Nc3 e6 3. e4 d6 4. Nf3 Nf6 5. d4 cxd4 6. Nxd4 a6 7. Be3 Be7 8. Be2 Qc7 9. O-O O-O 10. f3 Nbd7 11. b3 b6 12. g4 Bb7 13. g5 Ne8 14. Qd2 Rc8 15. Rad1 b5 16. Ncxb5 axb5 17. Nxb5 Qb8 18. Kf2 f5 19. gxf6 Ndxf6 20. Kg1 d5 21. exd5 exd5 22. Nd4 Bd6 23. Rf2 dxc4 24. Bxc4+ Rxc4 25. bxc4 Nh5 26. Rb1 Qa8 27. Qe2 Nef6 28. Nf5 Bf4 29. Bc5 Re8 30. Ne7+ Kh8 31. Rb6 Bc7 32. Rb2 Nf4 33. Qe3 Nh3+ 34. Kg2 Nxf2 35. Rxb7 Qxb7 36. Qxf2 Bf4 37. Qe2 Qc7 0-1

[Event "Montreal Mercredi 02"]
[Site "Montreal CAN"]
[Date "2017.03.15"]
[Round "5"]
[White "O'Neill, Brendon"]
[Black "Khudaverdian, Berj"]
[Result "0-1"]
[WhiteElo "1772"]
[BlackElo "1719"]
[WhiteFideId "-1"]
[WhiteFideId "-1"]
[PlyCount "74"]
[GameId "2160767908478548"]
[EventDate "2017.02.15"]
[EventType "swiss"]
[EventRounds "5"]
[EventCountry "CAN"]
[SourceTitle "EXT 2022"]
[Source "ChessBase"]
[SourceDate "2021.10.06"]
[SourceVersion "1"]
[SourceVersionDate "2021.10.06"]
[SourceQuality "1"]

1. Nf3 Nf6 2. g3 g6 3. Bg2 Bg7 4. O-O d6 5. d3 c6 6. Nbd2 Qc7 7. Re1 Nbd7 8. e4 e5 9. Nf1 h6 10. Be3 Ng4 11. h3 Nxe3 12. Nxe3 Nf8 13. Nh4 Be6 14. Qe2 O-O-O 15. c4 Qd7 16. Kh2 Kb8 17. Rab1 h5 18. b4 f5 19. b5 c5 20. exf5 gxf5 21. Nd5 Bxd5 22. Bxd5 Bf6 23. Rg1 Bxh4 24. gxh4 Ne6 25. Bxe6 Qxe6 26. Rg5 e4 27. dxe4 fxe4 28. Rd1 Rhf8 29. Qe3 Rf3 30. Qd2 Qxh3+ 31. Kg1 Qxh4 32. b6 Rd3 33. bxa7+ Ka8 34. Rg6 Rxd2 35. Rxd2 e3 36. Re2 exf2+ 37. Rxf2 Qxc4 0-1

[Event "Montreal Mercredi 02"]
[Site "Montreal CAN"]
[Date "2017.03.15"]
[Round "5"]
[White "Saha, Ananda"]
[Black "Jacquet, Stephane"]
[Result "1/2-1/2"]
[WhiteElo "2022"]
[BlackElo "2129"]
[WhiteFideId "-1"]
[WhiteFideId "-1"]
[PlyCount "100"]
[GameId "2160767908478550"]
[EventDate "2017.02.15"]
[EventType "swiss"]
[EventRounds "5"]
[EventCountry "CAN"]
[SourceTitle "EXT 2022"]
[Source "ChessBase"]
[SourceDate "2021.10.06"]
[SourceVersion "1"]
[SourceVersionDate "2021.10.06"]
[SourceQuality "1"]

1. Nf3 d6 2. g3 Nf6 3. Bg2 g6 4. O-O Bg7 5. d4 O-O 6. c3 Nbd7 7. Nbd2 c5 8. e4 Rb8 9. a4 Qc7 10. Qe2 cxd4 11. Nxd4 a6 12. f4 e5 13. N4f3 exf4 14. gxf4 b5 15. axb5 Rxb5 16. Nd4 Ra5 17. Rxa5 Qxa5 18. Nc4 Qc7 19. b4 Re8 20. Qd3 Bb7 21. Nxd6 Qxd6 22. e5 Qc7 23. Bxb7 Qxb7 24. exf6 Nxf6 25. Be3 Qe4 26. Qxe4 Rxe4 27. Bd2 Nd5 28. Nb3 Nxc3 29. Bxc3 Bxc3 30. Nc5 Rxb4 31. Nxa6 Ra4 32. Nc7 Ra1 33. Rxa1 Bxa1 34. Kf2 Kg7 35. h3 Kf6 36. Kf3 Bb2 37. Ke4 Ba3 38. Nd5+ Ke6 39. Nc7+ Kd7 40. Nd5 f5+ 41. Kf3 h6 42. Nb6+ Ke6 43. Nc4 Bc1 44. h4 h5 45. Kg3 Kd5 46. Ne5 Ke4 47. Nxg6 Bd2 48. Ne7 Bxf4+ 49. Kg2 Bc7 50. Nxf5 Kxf5 1/2-1/2

[Event "Montreal Mercredi 03"]
[Site "Montreal CAN"]
[Date "2017.03.29"]
[Round "1"]
[White "Beaulieu, Eric"]
[Black "Ouellet, Maili-Jade"]
[Result "1-0"]
[WhiteElo "2304"]
[BlackElo "2229"]
[WhiteFideId "-1"]
[WhiteFideId "-1"]
[PlyCount "95"]
[GameId "2160767908477943"]
[EventDate "2017.03.29"]
[EventType "swiss"]
[EventRounds "5"]
[EventCountry "CAN"]
[SourceTitle "EXT 2022"]
[Source "ChessBase"]
[SourceDate "2021.10.06"]
[SourceVersion "1"]
[SourceVersionDate "2021.10.06"]
[SourceQuality "1"]

1. d4 d5 2. c4 e6 3. Nc3 Be7 4. Bf4 Nf6 5. e3 O-O 6. Nf3 Nbd7 7. cxd5 Nxd5 8. Bg3 Nxc3 9. bxc3 c5 10. Bd3 Qa5 11. O-O Qxc3 12. Qb1 f5 13. Rc1 Qa3 14. Bc4 Nb6 15. dxc5 Bxc5 16. Bb3 Bd7 17. Ne5 Rae8 18. Rc3 Bb4 19. Bxe6+ Bxe6 20. Rxa3 Bxa3 21. Qb5 Rd8 22. h3 Rd5 23. Qe2 Rfd8 24. Nf3 Bf7 25. Nd4 Bc5 26. Nb3 Be7 27. Rc1 R8d7 28. Bb8 Ba3 29. Rc2 Rd1+ 30. Kh2 Bxb3 31. axb3 Bd6+ 32. Bxd6 R1xd6 33. Ra2 a6 34. Qh5 g6 35. Qh4 Kg7 36. Qf4 Rd5 37. Rc2 Re7 38. Qb4 Re6 39. Rc7+ Rd7 40. Qd4+ Rf6 41. Rxd7+ Nxd7 42. Qxd7+ Rf7 43. Qd4+ Kg8 44. h4 Re7 45. f3 Kf7 46. Kg3 Rc7 47. Kf4 h6 48. Qh8 1-0

[Event "Montreal Mercredi 03"]
[Site "Montreal CAN"]
[Date "2017.03.29"]
[Round "1"]
[White "Cardin, Guillaume"]
[Black "Baran, Marius"]
[Result "1-0"]
[WhiteElo "2040"]
[BlackElo "1776"]
[WhiteFideId "-1"]
[WhiteFideId "-1"]
[PlyCount "75"]
[GameId "2160767908477944"]
[EventDate "2017.03.29"]
[EventType "swiss"]
[EventRounds "5"]
[EventCountry "CAN"]
[SourceTitle "EXT 2022"]
[Source "ChessBase"]
[SourceDate "2021.10.06"]
[SourceVersion "1"]
[SourceVersionDate "2021.10.06"]
[SourceQuality "1"]

1. d4 d5 2. c4 e6 3. Nf3 Nf6 4. g3 Nbd7 5. Bg2 Be7 6. O-O O-O 7. Qc2 Ne4 8. Nfd2 Nxd2 9. Nxd2 c6 10. e4 dxe4 11. Nxe4 e5 12. Rd1 Qb6 13. Be3 exd4 14. Bxd4 c5 15. Bc3 Nf6 16. Ng5 g6 17. b3 Bg4 18. Re1 Rae8 19. Qb2 Bd8 20. a3 Rxe1+ 21. Rxe1 Re8 22. Rxe8+ Nxe8 23. Ne4 Be7 24. b4 cxb4 25. axb4 Qd8 26. Bd4 Bxb4 27. h3 Bf5 28. Nf6+ Nxf6 29. Bxf6 Be7 30. Bh8 f6 31. Qxb7 a5 32. Bxf6 Bxf6 33. c5 Bc8 34. Bd5+ Kh8 35. Qf7 Bg7 36. c6 Bxh3 37. c7 Bc8 38. cxd8=R+ 1-0

[Event "Montreal Mercredi 03"]
[Site "Montreal CAN"]
[Date "2017.03.29"]
[Round "1"]
[White "Cloutier, Mathieu"]
[Black "Johnson-Constantin, Mathieu"]
[Result "1-0"]
[WhiteElo "2178"]
[BlackElo "2057"]
[WhiteFideId "-1"]
[WhiteFideId "-1"]
[PlyCount "35"]
[GameId "2160767908477945"]
[EventDate "2017.03.29"]
[EventType "swiss"]
[EventRounds "5"]
[EventCountry "CAN"]
[SourceTitle "EXT 2022"]
[Source "ChessBase"]
[SourceDate "2021.10.06"]
[SourceVersion "1"]
[SourceVersionDate "2021.10.06"]
[SourceQuality "1"]

1. e4 e6 2. d4 d5 3. Nc3 Bb4 4. Nge2 dxe4 5. a3 Bxc3+ 6. Nxc3 Nc6 7. Bb5 Bd7 8. Nxe4 Nxd4 9. Qxd4 Bxb5 10. Qxg7 Qd5 11. Nc3 Qf5 12. Nxb5 Qxb5 13. Qxh8 O-O-O 14. Qc3 Ne7 15. Bd2 Nd5 16. Qb3 Qa6 17. O-O-O Rd6 18. Be3 1-0

[Event "Montreal Mercredi 03"]
[Site "Montreal CAN"]
[Date "2017.03.29"]
[Round "1"]
[White "Didier, Have"]
[Black "Gates, Claude-Eric"]
[Result "1/2-1/2"]
[WhiteElo "1967"]
[BlackElo "1803"]
[WhiteFideId "-1"]
[WhiteFideId "-1"]
[PlyCount "141"]
[GameId "2160767908477946"]
[EventDate "2017.03.29"]
[EventType "swiss"]
[EventRounds "5"]
[EventCountry "CAN"]
[SourceTitle "EXT 2022"]
[Source "ChessBase"]
[SourceDate "2021.10.06"]
[SourceVersion "1"]
[SourceVersionDate "2021.10.06"]
[SourceQuality "1"]

1. d4 Nf6 2. Bf4 e6 3. e3 b6 4. Nf3 Bb7 5. Nbd2 d5 6. Bd3 Nbd7 7. c3 Be7 8. Ne5 Nxe5 9. dxe5 Nd7 10. Qg4 g6 11. O-O c5 12. Qe2 Qc7 13. Bb5 O-O-O 14. a4 g5 15. Bg3 h5 16. f4 h4 17. Be1 gxf4 18. exf4 Rdg8 19. Ba6 Rg6 20. a5 Rhg8 21. g3 hxg3 22. h3 Rh6 23. Kg2 Rgh8 24. Rh1 f6 25. axb6 axb6 26. Nf3 fxe5 27. Nxe5 Nxe5 28. fxe5 Rh5 29. Bxg3 Rg5 30. Kh2 Rgh5 31. Kg2 d4+ 32. Qe4 Kb8 33. Bxb7 Qxb7 34. Qxb7+ Kxb7 35. cxd4 cxd4 36. Rad1 Bc5 37. b4 Bxb4 38. Rxd4 Bc5 39. Rg4 Kc6 40. Rg6 R8h6 41. Rxh6 Rxh6 42. Kf3 b5 43. Bf4 Rh8 44. Bg5 b4 45. h4 Kb5 46. Ke4 Kc4 47. Rc1+ Kb5 48. Kd3 Rh7 49. Kc2 Rf7 50. Bf6 Rh7 51. Kb3 Kc6 52. Rc2 Kb5 53. Rg2 Be7 54. Bxe7 Rxe7 55. Rg4 Rh7 56. Rxb4+ Kc5 57. Kc3 Rh5 58. Rg4 Kd5 59. Ra4 Rxe5 60. h5 Re3+ 61. Kd2 Rh3 62. Ke2 e5 63. Ra5+ Ke4 64. Ra4+ Kf5 65. Ra5 Rxh5 66. Rb5 Kf4 67. Rb3 e4 68. Ra3 Rh2+ 69. Ke1 e3 70. Ra8 Rh5 71. Re8 1/2-1/2

[Event "Montreal Mercredi 03"]
[Site "Montreal CAN"]
[Date "2017.03.29"]
[Round "1"]
[White "Khudaverdian, Berj"]
[Black "Gauthier, Luc"]
[Result "1/2-1/2"]
[WhiteElo "1745"]
[BlackElo "1702"]
[WhiteFideId "-1"]
[WhiteFideId "-1"]
[PlyCount "98"]
[GameId "2160767908477947"]
[EventDate "2017.03.29"]
[EventType "swiss"]
[EventRounds "5"]
[EventCountry "CAN"]
[SourceTitle "EXT 2022"]
[Source "ChessBase"]
[SourceDate "2021.10.06"]
[SourceVersion "1"]
[SourceVersionDate "2021.10.06"]
[SourceQuality "1"]

1. e4 Nf6 2. d3 e5 3. Bg5 Be7 4. Nf3 Nc6 5. Be2 d5 6. Nc3 Bb4 7. O-O Bxc3 8. bxc3 dxe4 9. Bxf6 Qxf6 10. dxe4 O-O 11. Qd2 Rd8 12. Qe3 Bg4 13. h3 Bxf3 14. Bxf3 b6 15. Rfd1 Rxd1+ 16. Rxd1 Rd8 17. Rd5 Rd6 18. Qd3 h6 19. Qa6 Ne7 20. Rxd6 Qxd6 21. Qxa7 Qc6 22. Qb8+ Kh7 23. Qf8 Qf6 24. Be2 Ng6 25. Qc8 Qc6 26. Qf5 Kg8 27. c4 Qd6 28. g3 Ne7 29. Qf3 Qd2 30. Qd3 Qxd3 31. cxd3 c5 32. Kg2 Nc6 33. f4 f6 34. Kf3 Nd4+ 35. Ke3 Kf8 36. fxe5 fxe5 37. Bh5 Ke7 38. Kd2 Kd6 39. Ke3 Nc2+ 40. Kd2 Nd4 41. a4 Nc6 42. Ke3 Ke7 43. Kf3 Kf6 44. h4 Nd4+ 45. Kf2 Nc6 46. Ke3 Nd4 47. Bd1 Nc6 48. Kf3 Nd4+ 49. Kg4 g6 1/2-1/2